Φυλή και ιστορία φυλή και πολιτισμός

Αποθηκεύτηκε σε:
Λεπτομέρειες βιβλιογραφικής εγγραφής
Κύριος συγγραφέας: Lévi-Strauss, Claude
Άλλοι συγγραφείς: Στεφανής, Αθανάσιος Δ. (Μεταφραστής)
Μορφή: Βιβλίο
Γλώσσα:Greek
French
Δημοσίευση: Αθήνα : Πατάκης, 2003.
Σειρά:Εθνολογία - Ανθρωπολογία (Πατάκης)
Θέματα:
Ετικέτες: Προσθήκη ετικέτας
Δεν υπάρχουν, Καταχωρήστε ετικέτα πρώτοι!

MARC

LEADER 00000cam a2200000 i 4500
001 1/2561
008 040915s2003 gr | ||| |||| ||gre||
020 |a 9601608303  
035 |l 10106062 
035 |l 10074427 
040 |a GR-MyUa  |b gre  |e AACR2 
041 1 |a gre  |h fre 
082 7 |a 306.01   |2 (22) 
100 1 |a Lévi-Strauss, Claude. 
245 1 0 |a Φυλή και ιστορία φυλή και πολιτισμός /   |c Claude Levi-Strauss ; πρόλογος Michel Izard ; μετάφραση Αθανάσιος Δ. Στεφανής. 
260 |a Αθήνα :   |b Πατάκης,   |c 2003. 
300 |a 138 σ. ;   |c 21 εκ. 
490 1 |a (Εθνολογία - Ανθρωπολογία / Πατάκης) 
500 |a Τίτλος πρωτοτύπου: Race et histoire, race et culture. 
650 0 |a Philosophy and science. 
650 0 |a Ethnology. 
650 0 |a Culture. 
650 0 |a Race discrimination. 
650 0 |a Civilization. 
700 1 |a Στεφανής, Αθανάσιος Δ.  |e trl 
830 0 |a Εθνολογία - Ανθρωπολογία (Πατάκης) 
852 |a INST  |b LESVOS  |e 20040915  |h 306.01 LEV  |p 005100030426  |q 005100030426  |t BK  |y 0 
852 |a INST  |b LESVOS  |e 20060213  |h 306.01 LEV  |p 005100034132  |q 005100034132  |t BK  |y 0 
852 |a INST  |b LESVOS  |e 20091217  |h 306.01 LEV  |p 005100045901  |q 005100045901  |t BK  |y 0 
852 |a INST  |b LESVOS  |e 20091217  |h 306.01 LEV  |p 005100045902  |q 005100045902  |t BK  |y 0 
852 |a INST  |b LESVOS  |e 20091217  |h 306.01 LEV  |p 005100045903  |q 005100045903  |t BK  |y 0 
852 |a INST  |b LESVOS  |e 20091217  |h 306.01 LEV  |p 005100045904  |q 005100045904  |t BK  |y 0 
852 |a INST  |b LESVOS  |e 20100526  |h 306.01 LEV  |p 005100047047  |q 005100047047  |t BK  |y 0 
852 |a INST  |b LESVOS  |e 20110826  |h 306.01 LEV  |p 005100049887  |q 005100049887  |t BK  |y 0 
852 |a INST  |b LESVOS  |c EUDOXUS  |e 20140121  |h 306.01 LEV  |p 005100052676  |q 005100052676  |t EDX  |y 0 
901 |a BIBL1-2009-4 
901 |a BIBL1-2011-2 
901 |a BIBL1-2014-1 
901 |a BIBL1-2004-3 
901 |a BIBL1-2006-1 
920 |a Εύδοξος  |b Επιστροφή  |y Λέσβος  |z 2013-04 
920 |a ΕΠΕΑΕΚ ΠΜΣ Γυναίκες και Φύλα  |y Λέσβος  |z 2006-01 
970 |a ΧΡΙΣΤΟΦΑ  |b ΝΙΚΗ  |z 2004/09/15